| 000 | 00993nam a2200229Ia 4500 | ||
|---|---|---|---|
| 999 |
_c4167 _d4167 |
||
| 003 | OSt | ||
| 005 | 20200511131552.0 | ||
| 008 | 191128t2012 ck a br 000 j spa d | ||
| 020 | _a9789588445779 | ||
| 040 |
_aCO-JMCR _cCO-JMCR |
||
| 082 | 0 | 4 |
_aC / _bNAZl |
| 100 |
_aNazoa, Aquiles, _d1920-1976 _eautor _94191 |
||
| 245 | 1 | 3 |
_aEl libro de los cochinitos / _cAquiles Nazoa ; ilustraciones Rosana Faría |
| 260 |
_aBogotá : _bPlayco Editores, _c©2012 |
||
| 300 |
_a[38] páginas sin numerar : _bilustraciones a color ; _c21 cm. |
||
| 490 | 0 | _aPrimera Infancia del Ministerio de Cultura | |
| 520 | _aDesde siempre los cochinitos han sido protagonistas de cuentos, películas y canciones para niños, pues este animal entre gracioso e ingenuo, despierta sentimientos como la curiosidad, la simpatía, la ternura y el humor. | ||
| 521 | _aRecomendado para mayores de 4 años. | ||
| 650 | 1 | 4 |
_aCuentos infantiles _94194 |
| 700 |
_aFaría, Rosana, _eilustradora _94193 |
||
| 942 |
_2ddc _cBK |
||